banner koha

Produção de mel no Tocantins (Registro n. 300511)

MARC details
000 -LÍDER
fixed length control field 00893nab a2200289 4500
003 - CÓDIGO MARC DA AGÊNCIA CATALOGADORA
Campo de controle BR-BrBNA
005 - DATA E HORA DA ÚLTIMA ATUALIZAÇÃO
Campo de controle 20240814151018.0
008 - CAMPO DE TAMANHO FIXO
fixed length control field 240714b bl.||||| |||| 00| 0 por d
040 ## - FONTE DA CATALOGAÇÃO
Agência catalogadora BR-BrBNA
Idioma da catalogação por
072 ## - CATEGORIA AGRIS
Código AGRIS L01 ; E40
Código do objeto 9340 ; 7110
100 ## - ENTRADA PRINCIPAL - NOME PESSOAL
Nome pessoal Costa, Antônio
245 ## - TÍTULO PRINCIPAL
Título principal Produção de mel no Tocantins
Subtítulo Apicultura
500 ## - NOTA GERAL
Nota geral 4 illus.
942 ## - ADDED ENTRY ELEMENTS (KOHA)
Koha item type
650 ## - ASSUNTO - THESAGRO
Cabeçalho tópico ou nome geográfico APICULTURA
650 ## - ASSUNTO - THESAGRO
Cabeçalho tópico ou nome geográfico ABELHA
650 ## - ASSUNTO - THESAGRO
Cabeçalho tópico ou nome geográfico COLMÉIA
650 ## - ASSUNTO - THESAGRO
Cabeçalho tópico ou nome geográfico MEL
650 ## - ASSUNTO - THESAGRO
Cabeçalho tópico ou nome geográfico SUBPRODUTO
650 ## - ASSUNTO - THESAGRO
Cabeçalho tópico ou nome geográfico PRODUÇÃO
650 ## - ASSUNTO - THESAGRO
Cabeçalho tópico ou nome geográfico SELO DE QUALIDADE
650 ## - ASSUNTO - THESAGRO
Cabeçalho tópico ou nome geográfico ASSOCIATIVISMO
650 ## - ASSUNTO - THESAGRO
Cabeçalho tópico ou nome geográfico COOPERATIVISMO
650 ## - ASSUNTO - THESAGRO
Cabeçalho tópico ou nome geográfico TOCANTINS
773 0# - ENTRADA ANALÍTICA
Host Biblionumber 4604
Registro do item 317191
Imprenta Palmas - Tocantins Terranova Gráfica e Editora Jornalística Ltda 2005
Outro identificador 2024-3815
Título Cerrado Rural Agronegócios (Brazil)
ISSN 1980-2595
Colação v. 4(20) p. 23-24; (Sep 2006)
Número de controle de registro BR2024001951

Nenhum exemplar disponível.

BINAGRI

Telefone: (61)3218-2567/2388/3357/2097 - binagri@agro.gov.br

Ministério da Agricultura e Pecuária , Esplanada dos Ministérios, Bloco D, Anexo B, Brasília/DF, CEP: 70.043-900